000 00483nam a22001817a 4500
003 NUST - PNEC
005 20170116180919.0
008 150904b xxu||||| |||| 00| 0 eng d
020 _a0070529108
040 _cLIBRARY
082 _a621 ALC
100 _97663
_aAlciator, David G.
245 _aIntroduction to mechatronics and measurement systems
_cDavid G. Alciator
250 _a2nd ed.
260 _cc.2003
650 _97666
_aElectronic engineering
_xEL
942 _2ddc
_cBK
999 _c65566
_d65566